| 000 | 00612nam a2200205Ia 4500 | ||
|---|---|---|---|
| 003 | OSt | ||
| 005 | 20250613102614.0 | ||
| 008 | 210210b1972 xxu||||| |||| 00| 0 eng d | ||
| 040 | _cAL | ||
| 041 | _aKannada | ||
| 082 | _aK894.9 DHAS | ||
| 100 |
_aDHARAVADAKARA (Ra Ya) _dಧಾರವಾಡಕರ (ರಾ.ಯ.) _9214782 |
||
| 245 |
_aSahitya samikshe _bಸಾಹಿತ್ಯ ಸಮೀಕ್ಷೆ |
||
| 260 |
_aMangaluru _bAnanda Prakatanalaya _c1972 |
||
| 300 | _a139 | ||
| 650 |
_aPamparamayana Basavanna Janna Muddana _9214783 |
||
| 690 |
_aKannada Criticism _9214784 |
||
| 906 | _a041166 | ||
| 942 |
_2ddc _cBK |
||
| 999 |
_c91343 _d91343 |
||